| 000 -LEADER |
| fixed length control field |
01655cam a2200337 i 4500 |
| 001 - CONTROL NUMBER |
| control field |
19000985 |
| 003 - CONTROL NUMBER IDENTIFIER |
| control field |
NUST |
| 005 - DATE AND TIME OF LATEST TRANSACTION |
| control field |
20221227181541.0 |
| 008 - FIXED-LENGTH DATA ELEMENTS--GENERAL INFORMATION |
| fixed length control field |
160304s2017 nyuab b 001 0 eng |
| 010 ## - LIBRARY OF CONGRESS CONTROL NUMBER |
| LC control number |
2016009582 |
| 020 ## - INTERNATIONAL STANDARD BOOK NUMBER |
| International Standard Book Number |
9780190600860 (hardcover : alk. paper) |
| 040 ## - CATALOGING SOURCE |
| Original cataloging agency |
DLC |
| Language of cataloging |
eng |
| Transcribing agency |
DLC |
| Description conventions |
rda |
| Modifying agency |
DLC |
| 042 ## - AUTHENTICATION CODE |
| Authentication code |
pcc |
| 050 00 - LIBRARY OF CONGRESS CALL NUMBER |
| Classification number |
U240 |
| Item number |
.J64 2017 |
| 082 00 - DEWEY DECIMAL CLASSIFICATION NUMBER |
| Classification number |
355.0218,JON |
| Edition number |
23 |
| 100 1# - MAIN ENTRY--PERSONAL NAME |
| Personal name |
Jones, Seth G., |
| Dates associated with a name |
1972- |
| Relator term |
author. |
| 9 (RLIN) |
106112 |
| 245 10 - TITLE STATEMENT |
| Title |
Waging insurgent warfare : |
| Remainder of title |
lessons from the Vietcong to the Islamic State / |
| Statement of responsibility, etc. |
Seth G. Jones. |
| 246 30 - VARYING FORM OF TITLE |
| Title proper/short title |
Lessons from the Vietcong to the Islamic State |
| 264 #1 - PRODUCTION, PUBLICATION, DISTRIBUTION, MANUFACTURE, AND COPYRIGHT NOTICE |
| Place of production, publication, distribution, manufacture |
New York, NY : |
| Name of producer, publisher, distributor, manufacturer |
Oxford University Press, |
| Date of production, publication, distribution, manufacture, or copyright notice |
[2017] |
| 300 ## - PHYSICAL DESCRIPTION |
| Extent |
ix, 336 pages : |
| Other physical details |
illustrations, maps ; |
| Dimensions |
25 cm |
| 336 ## - CONTENT TYPE |
| Content type term |
text |
| Source |
rdacontent |
| 337 ## - MEDIA TYPE |
| Media type term |
unmediated |
| Source |
rdamedia |
| 338 ## - CARRIER TYPE |
| Carrier type term |
volume |
| Source |
rdacarrier |
| 505 0# - FORMATTED CONTENTS NOTE |
| Formatted contents note |
Introduction (Page-1), Starting insurgencies (Page-16), Strategies (Page-35), Tactics (Page-57), Organizational structures (Page-83), Information campaigns and propaganda (Page-114), Outside support (Page-134), Ending insurgencies (Page-159), Conclusion: Implications for counterinsurgency warfare (Page-176), Appendix A: Case study list (Page-205), Appendix B: Statistical results for ending insurgencies(Page-245). |
| 650 #0 - SUBJECT ADDED ENTRY--TOPICAL TERM |
| Topical term or geographic name entry element |
Insurgency. |
| 9 (RLIN) |
48853 |
| 650 #0 - SUBJECT ADDED ENTRY--TOPICAL TERM |
| Topical term or geographic name entry element |
Insurgency |
| Form subdivision |
Statistics. |
| 9 (RLIN) |
106113 |
| 650 #0 - SUBJECT ADDED ENTRY--TOPICAL TERM |
| Topical term or geographic name entry element |
Guerrilla warfare. |
| 9 (RLIN) |
18957 |
| 650 #0 - SUBJECT ADDED ENTRY--TOPICAL TERM |
| Topical term or geographic name entry element |
Counterinsurgency. |
| 9 (RLIN) |
98230 |
| 776 08 - ADDITIONAL PHYSICAL FORM ENTRY |
| Relationship information |
Online version: |
| Main entry heading |
Jones, Seth G., 1972- author. |
| Title |
Waging insurgent warfare |
| Place, publisher, and date of publication |
New York, NY : Oxford University Press, [2016] |
| International Standard Book Number |
9780190600877 |
| Record control number |
(DLC) 2016011273 |
| 942 ## - ADDED ENTRY ELEMENTS (KOHA) |
| Source of classification or shelving scheme |
|
| Koha item type |
Book |
| Call number prefix |
355.0218,JON |